Vizualizácia a analýza dát v malých a stredných podnikoch bakalárska práca

Enregistré dans:
Détails bibliographiques
Auteur principal: Kubányi, Martin
Collectivité auteur: Fakulta podnikového manažmentu EU. Katedra informačného manažmentu
Autres auteurs: Filanová, Jana, 1967-
Format: Livre
Langue:slovaque
Publié: Bratislava 2025
Tags: Ajouter un tag
Pas de tags, Soyez le premier à ajouter un tag!

MARC

LEADER 00000nbm a2200000 4500
001 0309750
005 20260113142610.4
041 0 |a slo 
044 |a SK 
245 1 0 |a Vizualizácia a analýza dát v malých a stredných podnikoch  |b bakalárska práca  |c Martin Kubányi ; školiteľ: Jana Filanová 
264 1 |a Bratislava  |c 2025 
300 |a 50 s. 
100 1 |a Kubányi, Martin 
700 1 |a Filanová, Jana, 1967- 
710 2 |a Fakulta podnikového manažmentu EU. Katedra informačného manažmentu